000 00323nam a2200133 a 4500
005 20141022142008.0
008 120228s19uu xx 00 eng d
050 _aCD-ROM
_bM48 2001
100 _aMeigs, Robert
245 _aFinancial accounting /
_cRobert Meigs.
250 _a10th ed.
260 _c2001.
942 _cAVM
999 _c276623
_d276623